Comparative government and politics : (Record no. 22094)
[ view plain ]
| 000 -LEADER | |
|---|---|
| fixed length control field | 01956cam a22003255a 4500 |
| 001 - CONTROL NUMBER | |
| control field | 17764214 |
| 005 - DATE AND TIME OF LATEST TRANSACTION | |
| control field | 20160801154906.0 |
| 008 - FIXED-LENGTH DATA ELEMENTS--GENERAL INFORMATION | |
| fixed length control field | 130605s2013 nyu b 001 0 eng |
| 010 ## - LIBRARY OF CONGRESS CONTROL NUMBER | |
| LC control number | 2013021652 |
| 020 ## - INTERNATIONAL STANDARD BOOK NUMBER | |
| International Standard Book Number | 0230368158 |
| 020 ## - INTERNATIONAL STANDARD BOOK NUMBER | |
| International Standard Book Number | 9780230368156 |
| 040 ## - CATALOGING SOURCE | |
| Original cataloging agency | DLC |
| Language of cataloging | eng |
| Transcribing agency | DLC |
| Modifying agency | EG-ScBUE |
| 042 ## - AUTHENTICATION CODE | |
| Authentication code | pcc |
| 082 04 - DEWEY DECIMAL CLASSIFICATION NUMBER | |
| Classification number | 320.3 |
| Edition number | 22 |
| Item number | HAG |
| 100 1# - MAIN ENTRY--PERSONAL NAME | |
| Personal name | Hague, Rod. |
| 9 (RLIN) | 10959 |
| 245 10 - TITLE STATEMENT | |
| Title | Comparative government and politics : |
| Remainder of title | an introduction / |
| Statement of responsibility, etc | Rod Hague, Martin Harrop. |
| 250 ## - EDITION STATEMENT | |
| Edition statement | 9th ed. |
| 260 ## - PUBLICATION, DISTRIBUTION, ETC. (IMPRINT) | |
| Place of publication, distribution, etc | Hampshire ; |
| -- | New York : |
| Name of publisher, distributor, etc | Palgrave Macmillan / Macmillan Publishers Limited, |
| Date of publication, distribution, etc | 2013. |
| 300 ## - PHYSICAL DESCRIPTION | |
| Extent | xvi, 404 p. : |
| Other physical details | ill. ; |
| Dimensions | 24 cm. |
| 500 ## - GENERAL NOTE | |
| General note | Index : p. 398-404. |
| 504 ## - BIBLIOGRAPHY, ETC. NOTE | |
| Bibliography, etc | Bibliography : p. 375-397. |
| 505 ## - FORMATTED CONTENTS NOTE | |
| Formatted contents note | Political Concepts -- The State -- Democracy -- Authoritarian Rule -- Theoretical Approaches -- Political Culture -- Political Communication -- Political Participation -- Interest Groups -- Political Parties -- Elections -- Voters -- Constitutions and Law -- Multilevel Governance -- Legislatures -- The Political Executive -- Bureaucracy and Public Management -- The Policy Process -- Comparative Methods. |
| 520 ## - SUMMARY, ETC. | |
| Summary, etc | Long established as the leading text in the field, the new edition has been comprehensively updated and rewritten. Accessible, student-friendly and truly international in its coverage, this edition includes an brand new chapter on voters and increased coverage of rising powers, such as India and Brazil. |
| 650 #7 - SUBJECT ADDED ENTRY--TOPICAL TERM | |
| Topical term or geographic name as entry element | Comparative government. |
| Source of heading or term | BUEsh |
| 9 (RLIN) | 6707 |
| 651 ## - SUBJECT ADDED ENTRY--GEOGRAPHIC NAME | |
| Source of heading or term | BUEsh |
| 653 ## - INDEX TERM--UNCONTROLLED | |
| Resource For college | Law |
| Arrived date list | August 2016 |
| 700 1# - ADDED ENTRY--PERSONAL NAME | |
| Personal name | Harrop, Martin. |
| 9 (RLIN) | 10961 |
| 856 ## - ELECTRONIC LOCATION AND ACCESS | |
| Electronic name | Companion website |
| Uniform Resource Identifier | <a href="https://he.palgrave.com/companion/Hague-And-Harrop-Comparative-Government-And-Politics-Ninth-Edition-Political-Science-Seventh-Edition/index/">https://he.palgrave.com/companion/Hague-And-Harrop-Comparative-Government-And-Politics-Ninth-Edition-Political-Science-Seventh-Edition/index/</a> |
| Public note | Dictionary, debates, interactive quizzes, a guide to comparative politics on the Internet, weblinks and chapter summaries. |
| 942 ## - ADDED ENTRY ELEMENTS (KOHA) | |
| Source of classification or shelving scheme | Dewey Decimal Classification |
| Edition | 22 |
| Call number prefix | 320.3 HAG |
| Withdrawn status | Item status | Source of classification or shelving scheme | Damaged status | Not for loan | Vendor | Home library | Current library | Shelving location | Date acquired | Source of acquisition | Cost, normal purchase price | Serial Enumeration / chronology | Total Checkouts | Full call number | Barcode | Date last seen | Cost, replacement price | Koha item type |
|---|---|---|---|---|---|---|---|---|---|---|---|---|---|---|---|---|---|---|
| Dewey Decimal Classification | Baccah | Central Library | Central Library | First floor | 01/08/2016 | Purchase | 462.00 | 26080 | 320.3 HAG | 000033040 | 15/07/2025 | 577.50 | Book - Borrowing | |||||
| Dewey Decimal Classification | Baccah | Central Library | Central Library | First floor | 01/08/2016 | Purchase | 462.00 | 577.5 | 320.3 HAG | 000033046 | 15/07/2025 | 577.50 | Book - Borrowing |